Jekyll and Hyde - I Need to Know (All lyrics) - Statistics

General Stats
  • This quiz has been taken 6 times
  • The average score is 208 of 315
Answer Stats
Answer % Correct
a
100%
A
100%
go
100%
go?
100%
go.
100%
I
100%
is
100%
know
100%
know!
100%
know.
100%
need
100%
no
100%
not
100%
to
100%
adjusting
67%
all
67%
always
67%
and
67%
back
67%
balance
67%
be
67%
be.
67%
before
67%
black
67%
can.
67%
cannot
67%
certain
67%
close
67%
content
67%
decay.
67%
demons
67%
does
67%
doomed
67%
door
67%
double
67%
evil
67%
fight.
67%
fights
67%
find
67%
flame.
67%
for
67%
game
67%
get
67%
give
67%
Give
67%
good.
67%
good
67%
Good
67%
hand
67%
has
67%
he
67%
him
67%
his
67%
His
67%
hopeless
67%
if
67%
in
67%
inside
67%
it
67%
key
67%
less
67%
let
67%
madness?
67%
make
67%
makes
67%
man.
67%
man
67%
man's
67%
me.
67%
me
67%
men
67%
mind
67%
murder
67%
must
67%
nature
67%
of
67%
One
67%
plays
67%
possess
67%
potential?
67%
reach
67%
revel
67%
search
67%
senseless
67%
separate
67%
should?
67%
soul.
67%
soul
67%
strange
67%
stronger.
67%
than
67%
that
67%
the
67%
them
67%
thing
67%
this
67%
tortured
67%
try
67%
turns
67%
upon
67%
ventured
67%
way
67%
ways
67%
we
67%
What
67%
when
67%
When
67%
where
67%
Where
67%
whole.
67%
why
67%
Why
67%
will
67%
angel
33%
becomes
33%
bring
33%
But
33%
comes
33%
courage
33%
deal
33%
desparate
33%
Devil
33%
edge
33%
else.
33%
empty
33%
end
33%
fine
33%
from
33%
how
33%
intelligence
33%
It's
33%
Jekyll
33%
learn
33%
leave
33%
line
33%
melts?
33%
moment
33%
night.
33%
other
33%
sanity
33%
see
33%
senses?
33%
Show
33%
something
33%
take
33%
things
33%
tragic
33%
truth
33%
wise
33%
with
33%
With
33%
you
33%
aim?
0%
can't
0%
Dear
0%
discern.
0%
disclaim.
0%
follow
0%
God,
0%
guide
0%
Henry
0%
lead.
0%
others
0%
pass
0%
point
0%
return.
0%
secrets
0%
succeed.
0%
what's
0%
wherever
0%
wisdom
0%
your
0%
No matching quizzes found
Score Distribution
Percent of People with Each Score
Percentile by Number Answered
Your Score History
You have not taken this quiz